Basic laws and authorities on housing and community development (Record no. 938457)

MARC details
000 -LEADER
fixed length control field 01144nam a2200325 a 4500
001 - CONTROL NUMBER
control field vtls001488192
003 - CONTROL NUMBER IDENTIFIER
control field NLI
005 - DATE AND TIME OF LATEST TRANSACTION
control field 20210627133513.0
008 - FIXED-LENGTH DATA ELEMENTS--GENERAL INFORMATION
fixed length control field 121207m1979uuuudcu f000 0 eng
039 #9 - LEVEL OF BIBLIOGRAPHIC CONTROL AND CODING DETAIL [OBSOLETE]
-- 201212071816
-- VLOAD
040 ## - CATALOGING SOURCE
Original cataloging agency NLI
Language of cataloging eng
Transcribing agency Datasoft_FOD
Description conventions AACR2
041 0# - LANGUAGE CODE
Language code of text/sound track or separate title eng
044 ## - COUNTRY OF PUBLISHING/PRODUCING ENTITY CODE
MARC country code dcu
082 04 - DEWEY DECIMAL CLASSIFICATION NUMBER
Classification number 344.73063635
110 1# - MAIN ENTRY--CORPORATE NAME
Corporate name or jurisdiction name as entry element United States.
Subordinate unit Congress.
-- House.
-- Committee on Banking, Financeand Urban Affairs
9 (RLIN) 924973
245 10 - TITLE STATEMENT
Title Basic laws and authorities on housing and community development
250 ## - EDITION STATEMENT
Edition statement Rev. through Jan. 3, 1979.
260 ## - PUBLICATION, DISTRIBUTION, ETC.
Place of publication, distribution, etc. Washington, D.C. :
Name of publisher, distributor, etc. United state government printing office,
Date of publication, distribution, etc. 1979-
300 ## - PHYSICAL DESCRIPTION
Extent -v. ;
Dimensions 24 cm.
500 ## - GENERAL NOTE
General note Library has part.2
650 #0 - SUBJECT ADDED ENTRY--TOPICAL TERM
Topical term or geographic name entry element Housing
General subdivision Law and legislation
Geographic subdivision United States
9 (RLIN) 714716
650 #0 - SUBJECT ADDED ENTRY--TOPICAL TERM
Topical term or geographic name entry element Community development
General subdivision Law and legislation
Geographic subdivision United States
9 (RLIN) 714717
710 2# - ADDED ENTRY--CORPORATE NAME
Corporate name or jurisdiction name as entry element United States.
Form subheading Laws, statutes, etc
9 (RLIN) 714715
887 ## - NON-MARC INFORMATION FIELD
Content of non-MARC field
901 ## - LOCAL DATA ELEMENT A, LDA (RLIN)
a AD 159422
b 27.09.2010
9 pt.2
902 ## - LOCAL DATA ELEMENT B, LDB (RLIN)
a U.S 344.73063635 Un 3
904 ## - LOCAL DATA ELEMENT D, LDD (RLIN)
l F 2610.
949 ## - LOCAL PROCESSING INFORMATION (OCLC)
-- VIRTUAITEM
-- 10002
-- 100
6 FOD000159422ENG
9 pt.2
942 ## - ADDED ENTRY ELEMENTS (KOHA)
Source of classification or shelving scheme Dewey Decimal Classification
Koha item type Books
Holdings
Withdrawn status Lost status Damaged status Not for loan Collection code Home library Current library Shelving location Date acquired Total Checkouts Full call number Barcode Date last seen Price effective from Koha item type
          National Library of India National Library of India       U.S 344.73063635 Un 3 FOD000159422ENG 27/06/2021 27/06/2021 Books
                                                                           
web counter

Copyright ©2020 The National Library of India, Govt. of India ↔ Hosted by NVLI, MOC ↔ Technology and Design by National Library of India, Ministry of Culture, Govt. of India